Treatment of single moderate gingival recessions : using CT graft and Emdogain /

Bibliographic Details
Other Authors: Silva, Robert (Periodontist) (Speaker)
Format: Video
Language:English
Language Notes:In English.
Published: Los Angeles, CA : Global Institute for Dental Education, 2012.
Series:Dental education in video
Subjects:
Online Access:Connect to this streaming video (Alexander Street Press)

MARC

Tag First Indicator Second Indicator Subfields
LEADER 00000cgm a2200000Ma 4500
001 in00005560621
006 m o c
007 cr |n||||||||a
007 vz |za|z|
008 130809s2012 cau015 e o vueng d
005 20241201231241.7
035 |a (OCoLC)ocn884894073 
040 |a ALSTP  |b eng  |e pn  |c ALSTP  |d OCLCO  |d OCLCQ  |d OCLCA  |d OCLCQ  |d OCLCF  |d AU@  |d WYU  |d OCLCO 
019 |a 1373440699 
035 |a (OCoLC)884894073  |z (OCoLC)1373440699 
050 4 |a RK 
049 |a TXAM 
245 0 0 |a Treatment of single moderate gingival recessions :  |b using CT graft and Emdogain /  |c presented by Robert Silva. 
260 |a Los Angeles, CA :  |b Global Institute for Dental Education,  |c 2012. 
300 |a 1 online resource (15 min.). 
306 |a 001554 
336 |a two-dimensional moving image  |b tdi  |2 rdacontent 
337 |a computer  |b c  |2 rdamedia 
338 |a online resource  |b cr  |2 rdacarrier 
344 |a digital  |2 rda 
347 |a data file  |2 rda 
380 |a Videorecording 
490 0 |a Dental education in video 
546 |a In English. 
650 0 |a Connective tissues  |x Transplantation. 
650 0 |a Gingivectomy. 
650 0 |a Gums  |x Diseases  |x Treatment. 
650 0 |a Periodontics. 
650 2 |a Gingivectomy 
650 2 |a Periodontics 
650 6 |a Gingivectomie. 
650 6 |a Gencives  |x Maladies  |x Traitement. 
650 6 |a Parodontologie. 
650 7 |a Connective tissues  |x Transplantation.  |2 fast  |0 (OCoLC)fst00875354 
650 7 |a Gingivectomy.  |2 fast  |0 (OCoLC)fst00942776 
650 7 |a Periodontics.  |2 fast  |0 (OCoLC)fst01058143 
655 7 |a Instructional films.  |2 fast  |0 (OCoLC)fst01726236 
655 7 |a Instructional films.  |2 lcgft 
655 7 |a Films de formation.  |2 rvmgf 
700 1 |a Silva, Robert  |c (Periodontist)  |4 spk 
856 4 0 |u http://proxy.library.tamu.edu/login?url=https://www.aspresolver.com/aspresolver.asp?DNTL;2219543  |z Connect to this streaming video (Alexander Street Press)  |t 0 
955 |a Alexander Street Press subscription streaming video 
994 |a 92  |b TXA 
999 f f |s 9a83eb43-269e-4e53-98d0-dece79e26e9c  |i 6a1445ef-83e7-483f-9b6e-a5c850f282ce  |t 0 
952 f f |a Texas A&M University  |b College Station  |c Electronic Resources  |d Available Online  |t 0  |e RK   |h Library of Congress classification 
998 f f |a RK   |t 0  |l Available Online